书目信息 |
| 题名: |
中国古代教育史
|
|
| 作者: | 毛礼锐 编 | |
| 分册: | ||
| 出版信息: | 北京 人民教育出版社 1983 |
|
| 页数: | 494页 | |
| 开本: | 21cm | |
| 丛书名: | ||
| 单 册: | ||
| 中图分类: | G529.2 | |
| 科图分类: | ||
| 主题词: | 教育史--中国--古代 | |
| 电子资源: | ||
| ISBN: | ||
| 000 | 00674nam0 2200253 45 | |
| 001 | 0183011183 | |
| 005 | 20060812163401.04 | |
| 010 | @b精装@dCNY3.65 | |
| 091 | @a7012.060 | |
| 100 | @a19950613d1983 emky0chiy0121 ea | |
| 101 | 0 | @achi |
| 102 | @aCN@b110000 | |
| 105 | @ay z 000yd | |
| 106 | @ar | |
| 200 | 10 | @a中国古代教育史@Azhong guo gu dai jiao yu shi@f毛礼锐编 |
| 205 | @a2版 | |
| 210 | @a北京@c人民教育出版社@d1983 | |
| 215 | @a494页@d21cm | |
| 606 | @a教育史@y中国@z古代 | |
| 690 | @aG529.2@v3 | |
| 701 | 0 | @a毛礼锐@Amao li rui@4编 |
| 801 | 0 | @aCN@b上海图书馆@c20060812 |
| 801 | 2 | @aCN@bNLC@c20040424 |
| 905 | @b152764-765@f2@dG529.2@f1@b152768@e11=2 | |
| 中国古代教育史/毛礼锐编.-2版.-北京:人民教育出版社,1983 |
| 494页;21cm |
| ISBN (精装):CNY3.65 |
| ● |
| 相关链接 |
|
|
|
|
正题名:中国古代教育史
索取号:G529.2/11=2
 
预约/预借
| 序号 | 登录号 | 条形码 | 馆藏地/架位号 | 状态 | 备注 |
| 1 | 0031235 | 001719803 | 密集书库/ [索取号:G529.2/11=2] | 在馆 | |
| 2 | 0031238 | 001719670 | 密集书库/ [索取号:G529.2/11=2] | 在馆 | |
| 3 | 0152764 | 000462680 | 第四借阅区/ [索取号:G529.2/11=2] | 在馆 | |
| 4 | 0152765 | 000462289 | 第四借阅区/ [索取号:G529.2/11=2] | 在馆 | |
| 5 | 0152766 | 001740101 | 密集书库/ [索取号:G529.2/11=2] | 在馆 | |
| 6 | 0152767 | 001739925 | 密集书库/ [索取号:G529.2/11=2] | 在馆 | |
| 7 | 0152768 | 000462644 | 第四借阅区/ [索取号:G529.2/11=2] | 在馆 | |
| 8 | 0152769 | 001740316 | 密集书库/ [索取号:G529.2/11=2] | 在馆 | |
| 9 | 0152770 | 001740147 | 密集书库/ [索取号:G529.2/11=2] | 在馆 | |
| 10 | 0152771 | 001740272 | 密集书库/ [索取号:G529.2/11=2] | 在馆 | |
| 11 | 0152772 | 001740325 | 密集书库/ [索取号:G529.2/11=2] | 在馆 | |
| 12 | 0152773 | 001739961 | 密集书库/ [索取号:G529.2/11=2] | 在馆 |